[Event "Frankfurt-chA"]
[Site "Frankfurt"]
[Date "2022.05.23"]
[Round "5"]
[White "Wirth, Wolfram"]
[Black "Lanciani, Marcello"]
[Result "1-0"]
[WhiteElo "1596"]
[BlackElo "1378"]
[PlyCount "39"]
[EventDate "2022.04.25"]
[EventType "swiss"]
[EventRounds "7"]
[EventCountry "GER"]
[SourceTitle "EXT 2023"]
[Source "ChessBase"]
[SourceDate "2022.10.05"]
[SourceVersion "1"]
[SourceVersionDate "2022.10.05"]
[SourceQuality "1"]

1. e4 e5 2. Nf3 Nc6 3. Bc4 Bc5 4. c3 Nf6 5. d3 0-0 6. 0-0 d5 7. exd5 Nxd5 8. Re1 Re8 9. d4 Bb6 10. dxe5 Nce7 11. Bg5 c6 12. Nd4 Qc7 13. Qf3 Ng6 14. Bxd5 cxd5 15. Qxd5 Rxe5 16. Rxe5 Nxe5 17. Bf4 Bd7 18. Qxe5 Re8 19. Qxe8+ Bxe8 20. Bxc7 1-0